000 00400nam a2200181Ia 4500
008 230524s9999 xx 000 0 und d
020 _a8178081334
082 _a4.12
_bKEL
100 _aAl Kelley
245 2 _aA Book on C
250 _a4TH
260 _aNEW DELHI
_bPearson
_c2001
300 _aXVI;726
500 _aQuantity Number: 5
650 _aComp-Sc
700 _a Ira Pohl
942 _cBK
999 _c31
_d31